Introduction to engineering mechanics (Record no. 17563)

000 -LEADER
fixed length control field 00597nam a22002051 4500
001 - CONTROL NUMBER
control field 17563
003 - CONTROL NUMBER IDENTIFIER
control field BD-DhUET
008 - FIXED-LENGTH DATA ELEMENTS--GENERAL INFORMATION
fixed length control field 100604s1961 maua b 000 0 eng
040 ## - CATALOGING SOURCE
Original cataloging agency DLC
Transcribing agency DLC
Modifying agency BD-DhUET
082 ## - DEWEY DECIMAL CLASSIFICATION NUMBER
Classification number 620.1
Item number HUD/1961
100 ## - MAIN ENTRY--PERSONAL NAME
Personal name Huddleston, John V.
245 10 - TITLE STATEMENT
Title Introduction to engineering mechanics
250 ## - EDITION STATEMENT
Edition statement 1st ed.
260 ## - PUBLICATION, DISTRIBUTION, ETC. (IMPRINT)
Place of publication, distribution, etc. Massachusetts
Name of publisher, distributor, etc. Addison-Wesley Publishing
Date of publication, distribution, etc. 1961
300 ## - PHYSICAL DESCRIPTION
Extent xii, 493 p.
Other physical details ill.
Dimensions 24 cm.
490 0# - SERIES STATEMENT
Series statement Addison-Wesley series in the engineering sciences
504 ## - BIBLIOGRAPHY, ETC. NOTE
Bibliography, etc Includes bibliographies
650 #0 - SUBJECT ADDED ENTRY--TOPICAL TERM
Topical term or geographic name as entry element Engineering mechanics
942 ## - ADDED ENTRY ELEMENTS (KOHA)
Koha item type General Book
Holdings
Location (home branch) Piece designation (barcode) Date acquired Koha full call number Not for loan Shelving location Source of classification or shelving scheme Withdrawn status Lost status Koha date last seen Copy number Sublocation or collection (holding branch) Damaged status Koha item type Koha normalized classification for sorting Price effective from
Central Library, BUET102622015-03-24620.1/HUD/1961 Circulation section   2015-03-241Central Library, BUET General Book620_100000000000000_HUD_19612015-03-24
Central Library, BUET387742015-03-24620.1/HUD/1961 Circulation section   2015-03-242Central Library, BUET General Book620_100000000000000_HUD_19612015-03-24
Central Library, BUET102632015-03-24620.1/HUD/1961 Circulation section   2015-03-243Central Library, BUET General Book620_100000000000000_HUD_19612015-03-24
Central Library, BUET288062015-03-24620.1/HUD/1961 Circulation section   2015-03-244Central Library, BUET General Book620_100000000000000_HUD_19612015-03-24
Central Library, BUET92352015-03-24620.1/HUD/1961 Circulation section   2015-03-245Central Library, BUET General Book620_100000000000000_HUD_19612015-03-24
Central Library, BUET92612015-03-24620.1/HUD/1961 Cataloging to Circulation   2015-03-246Central Library, BUET General Book620_100000000000000_HUD_19612015-03-24
Central Library, BUET377602015-03-24620.1/HUD/1961 Circulation section   2015-03-248Central Library, BUET General Book620_100000000000000_HUD_19612015-03-24
Central Library, BUET843832015-03-28620.1/HUD/1961 Circulation section   2015-03-287Central Library, BUET General Book620_100000000000000_HUD_19612015-03-28